000 00676nam a2200241Ia 4500
008 160418s9999 xx 000 0 und d
020 _a971-08-6897-7
050 _aFIL GV 361
050 _b.T85 2008
100 _aTulio, Doris D.
245 _aPhysical education 4 :
245 _bfor college /
245 _cDoris D. Tulio.
260 _aMandaluyong:
260 _bNational Book Store,
260 _c2008
300 _a81 pages :
300 _billustrations ;
300 _c26 cm.
500 _aIncludes bibliographical references.
650 _aPhysical education for college students.
650 _xPhysical education and training -- Study and teaching.
999 _c293382
_d293382